| 000 | 00969nam a22003137a 4500 | ||
|---|---|---|---|
| 003 | CHAP | ||
| 005 | 20220329140500.0 | ||
| 008 | 971013s1978 r 00010 d | ||
| 010 | _a52612 | ||
| 011 | _a53584 | ||
| 035 | _a57734 | ||
| 040 | _cCHAP | ||
| 082 |
_a330.182 _bW6 |
||
| 100 | 0 | 0 |
_aWoods, J. E. _9122570 |
| 245 | _aMathematical economics | ||
| 260 |
_aLondon : _bLogman, _c1978 |
||
| 300 |
_a364 p. _b; gráfs. |
||
| 490 | _aModern economics | ||
| 590 |
_aBATCH-UPD _b10 _c20130110 _lUCH01 _h0435 |
||
| 590 |
_aBATCH-UPD _b10 _c20130410 _lUCH01 _h0110 |
||
| 590 |
_aBATCH-UPD _b10 _c20130914 _lUCH01 _h1234 |
||
| 590 |
_aCONVERSION _b10 _c20130109 _lUCH01 _h1328 |
||
| 650 | 1 | 4 |
_aEconomía matemática. _935276 |
| 830 | 0 |
_aModern economics _976426 |
|
| 901 | _aBK | ||
| 942 | _cLIBRO | ||
| 949 |
_a330.182 W6 _bBC _cLIBRO _d33724000318945 _eLIBRO _fc.2 _h55892 _i57734 _si _t810.00 |
||
| 949 |
_a330.182 W6 _bBC _cLIBRO _d33724000322566 _eLIBRO _h55891 _i57734 _si _t810.00 |
||
| 999 |
_c52612 _d52612 |
||